Từ điển Thể thao

Сохранить в:
Библиографические подробности
Главный автор: Bùi, Xuân Mỹ
Формат:
Язык:Undetermined
Опубликовано: Hà Nội Văn hoá - Thông tin 2000
Предметы:
Метки: Добавить метку
Нет меток, Требуется 1-ая метка записи!
Thư viện lưu trữ: Trung tâm Học liệu Trường Đại học Cần Thơ
LEADER 00528nam a2200181Ia 4500
001 CTU_95998
008 210402s9999 xx 000 0 und d
082 |a 796.4 
082 |b M600 
100 |a Bùi, Xuân Mỹ 
245 0 |a Từ điển Thể thao 
245 0 |c Bùi Xuân Mỹ, Phạm Minh Thảo 
260 |a Hà Nội 
260 |b Văn hoá - Thông tin 
260 |c 2000 
650 |a Physical education and training 
904 |i Tuyến 
980 |a Trung tâm Học liệu Trường Đại học Cần Thơ